|
|
|
|
| LEADER |
01231ppm a22003018a 4500 |
| 001 |
00036378 |
| 005 |
20171026081025.0 |
| 008 |
170301s2014 ||||||Viesd |
| 041 |
0 |
# |
|a Vie
|
| 082 |
1 |
4 |
|a 895.922 800 9
|b T309L
|
| 100 |
1 |
# |
|a Nguyễn Thị Thùy Trang
|
| 245 |
0 |
0 |
|a Tiểu luận văn học của Nguyễn Hiến Lê (Qua hương sắc trong vườn văn và mười câu chuyện văn chương)
|b Luận văn thạc sĩ Ngữ Văn. Chuyên ngành: Văn học Việt Nam. Mã số: 6022 01 21
|c Nguyễn Thị Thùy Trang ; Đinh Trí Dũng (hướng dẫn)
|
| 260 |
# |
# |
|a Nghệ An
|b Đại học Vinh
|c 2014
|
| 300 |
# |
# |
|a 120tr.
|c 30cm.
|
| 500 |
# |
# |
|a ĐTTTS ghi: Bộ giáo dục và đào tạo. Đại học Vinh
|
| 653 |
# |
# |
|a Luận văn
|
| 653 |
# |
# |
|a Nghiên cứu văn học
|
| 653 |
# |
# |
|a Việt Nam
|
| 653 |
# |
# |
|a Tiểu luận
|
| 653 |
# |
# |
|a Ngữ văn
|
| 700 |
1 |
# |
|a Đinh Trí Dũng
|e Hướng dẫn
|
| 852 |
# |
# |
|j LV.0001031
|
| 852 |
# |
# |
|b Kho đọc SĐH
|j LV.0001031
|
| 910 |
|
|
|d 01/03/2017
|
| 980 |
# |
# |
|a Trung tâm Học liệu Lê Vũ Hùng, Trường Đại học Đồng Tháp
|